000 00402nam a2200145 i 4500
001 bg
100 1 _aVALDE-NOWAK, Teofila
245 0 _aTeksty niemieckie :
_bskrypt dla studentów wydziału Architektury, Budownictwa Lądowego... /
_cTeofila Valde Nowak.
250 _aWyd.2.
260 _aKraków,
_c1976.
040 _cBPK
041 _apol
942 _cKS
008 s pl f |000 0 pol
999 _c559
_d559
856 _uhttp://koha.tu.koszalin.pl/cgi-bin/koha/opac-detail.pl?biblionumber=559
_yKatalog online BPK